| 000 | 00485cam a2200145 4500 | ||
|---|---|---|---|
| 001 | WS118700 | ||
| 008 | 020704n 000 0 eng u | ||
| 035 | _a(Sirsi) u118700 | ||
| 245 | _aGovernments on the WWW | ||
| 520 | _aComprehensive database of governments and government institutions worldwide on the internet. | ||
| 650 | _aGOVERNMENT | ||
| 690 | _aINTERNATIONAL | ||
| 856 | 4 | 0 |
_uhttps://www.gksoft.com/govt _zView the website free of charge at www.gksoft.com/govt... |
| 942 | _n0 | ||
| 999 |
_c120074 _d120074 |
||